Liền vết thương và chăm sóc vết thương

Guardat en:
Dades bibliogràfiques
Autor principal: R A Hatz...[et al.]
Format: Llibre
Idioma:Undetermined
Publicat: Hà Nội Y Học 1997
Matèries:
Etiquetes: Afegir etiqueta
Sense etiquetes, Sigues el primer a etiquetar aquest registre!
Thư viện lưu trữ: Trung tâm Học liệu Trường Đại học Cần Thơ
LEADER 00631nam a2200193Ia 4500
001 CTU_30760
008 210402s9999 xx 000 0 und d
020 |b 44.000đ 
082 |a 617.14 
082 |b L305 
100 |a R A Hatz...[et al.] 
245 0 |a Liền vết thương và chăm sóc vết thương 
245 0 |c R A Hatz...[et al.] 
260 |a Hà Nội 
260 |b Y Học 
260 |c 1997 
650 |a wound healing,wounds and injuries - nursing,wounds and injuries - surgery,wounds and injuries - treatment 
904 |i Minh, 990527 
980 |a Trung tâm Học liệu Trường Đại học Cần Thơ